000 01403nam a2200349Ia 4500
001 ebr10103738
003 CaPaEBR
006 m u
007 cr cn|||||||||
008 030505s2003 nyu sb 101 0 eng d
010 _z 2003050905
020 _z1403904898 (cloth)
020 _z1403904901 (paper)
040 _aCaPaEBR
_cCaPaEBR
035 _a(OCoLC)84145607
050 1 4 _aLC212.9
_b.P65 2003eb
082 0 4 _a370/.82
_221
245 0 4 _aThe politics of gender and education
_h[electronic resource] :
_bcritical perspectives /
_cedited by Suki Ali, Shereen Benjamin, Melanie Mauthner.
260 _aNew York :
_bPalgrave Macmillan,
_c2003.
300 _axi, 195 p.
504 _aIncludes bibliographical references and index.
533 _aElectronic reproduction.
_bPalo Alto, Calif. :
_cebrary,
_d2009.
_nAvailable via World Wide Web.
_nAccess may be limited to ebrary affiliated libraries.
650 0 _aSex differences in education
_vCongresses.
650 0 _aEducational equalization
_vCongresses.
650 0 _aFeminism and education
_vCongresses.
655 7 _aElectronic books.
_2local
700 1 _aAli, Suki,
_d1962-
700 1 _aBenjamin, Shereen,
_d1965-
700 1 _aMauthner, Melanie L.,
_d1964-
710 2 _aebrary, Inc.
856 4 0 _uhttp://site.ebrary.com/lib/rucke/Doc?id=10103738
_zAn electronic book accessible through the World Wide Web; click to view
999 _c102182
_d102182